<?xml version="1.0" encoding="UTF-8"?>
<record
    xmlns:xsi="http://www.w3.org/2001/XMLSchema-instance"
    xsi:schemaLocation="http://www.loc.gov/MARC21/slim http://www.loc.gov/standards/marcxml/schema/MARC21slim.xsd"
    xmlns="http://www.loc.gov/MARC21/slim">

  <leader>01024nam a22002297a 4500</leader>
  <controlfield tag="003">SEM</controlfield>
  <controlfield tag="005">20220608072135.0</controlfield>
  <controlfield tag="008">170503b        xxu||||| |||| 00| 0 arm</controlfield>
  <datafield tag="040" ind1=" " ind2=" ">
    <subfield code="a">&#x54D;&#x537;&#x544;</subfield>
    <subfield code="c">&#x54D;&#x537;&#x544;</subfield>
  </datafield>
  <datafield tag="041" ind1="0" ind2=" ">
    <subfield code="a">arm.</subfield>
  </datafield>
  <datafield tag="100" ind1="1" ind2=" ">
    <subfield code="a">&#x533;&#x56C;&#x576;&#x573;&#x565;&#x561;&#x576; &#x545;&#x561;&#x56F;&#x578;&#x562;</subfield>
    <subfield code="c">&#x531;&#x580;&#x584;&#x565;&#x57A;&#x56B;&#x57D;&#x56F;&#x578;&#x57A;&#x578;&#x57D;</subfield>
    <subfield code="q">(&#x533;&#x56C;&#x576;&#x573;&#x575;&#x561;&#x576; &#x540;&#x561;&#x56F;&#x578;&#x562;)</subfield>
  </datafield>
  <datafield tag="245" ind1="1" ind2="0">
    <subfield code="a">&#x544;&#x561;&#x580;&#x57F;&#x56B;&#x576; &#x53C;&#x578;&#x582;&#x569;&#x565;&#x580;: </subfield>
    <subfield code="b">&#x544;&#x56B; &#x562;&#x561;&#x580;&#x565;&#x57A;&#x561;&#x577;&#x57F; &#x57E;&#x561;&#x576;&#x561;&#x56F;&#x561;&#x576;&#x56B; &#x568;&#x574;&#x562;&#x578;&#x57D;&#x57F;&#x578;&#x582;&#x569;&#x56B;&#x582;&#x576;&#x568;: / </subfield>
    <subfield code="c">&#x545;. &#x533;&#x56C;&#x576;&#x573;&#x565;&#x561;&#x576;</subfield>
  </datafield>
  <datafield tag="246" ind1=" " ind2=" ">
    <subfield code="a">[&#x544;&#x561;&#x580;&#x57F;&#x56B;&#x576; &#x53C;&#x578;&#x582;&#x569;&#x565;&#x580;: </subfield>
    <subfield code="b">&#x544;&#x56B; &#x562;&#x561;&#x580;&#x565;&#x57A;&#x561;&#x577;&#x57F; &#x57E;&#x561;&#x576;&#x561;&#x56F;&#x561;&#x576;&#x56B; &#x568;&#x574;&#x562;&#x578;&#x57D;&#x57F;&#x578;&#x582;&#x569;&#x575;&#x578;&#x582;&#x576;&#x568;:]</subfield>
  </datafield>
  <datafield tag="250" ind1=" " ind2=" ">
    <subfield code="a">&#x535;&#x580;&#x56F;&#x580;&#x578;&#x580;&#x564; &#x570;&#x580;&#x561;&#x57F;., </subfield>
    <subfield code="b">&#x562;&#x561;&#x580;&#x565;&#x583;&#x578;&#x56D;&#x578;&#x582;&#x56E;</subfield>
  </datafield>
  <datafield tag="260" ind1=" " ind2=" ">
    <subfield code="a">&#x544;&#x585;&#x576;&#x57F;&#x567;&#x57E;&#x56B;&#x564;&#x567;&#x585;: </subfield>
    <subfield code="a">[&#x544;&#x578;&#x576;&#x57F;&#x565;&#x57E;&#x56B;&#x564;&#x565;&#x578;]:</subfield>
    <subfield code="b">Grafic plus LTD,</subfield>
    <subfield code="c">2013.</subfield>
  </datafield>
  <datafield tag="300" ind1=" " ind2=" ">
    <subfield code="a">579 &#x567;&#x57B;;</subfield>
    <subfield code="b">&#x576;&#x56F;.;</subfield>
    <subfield code="c">24 &#x57D;&#x574;.</subfield>
  </datafield>
  <datafield tag="504" ind1=" " ind2=" ">
    <subfield code="a">&#x555;&#x563;&#x57F;. &#x563;&#x580;&#x561;&#x56F;.` &#x567;&#x57B; 572-575</subfield>
  </datafield>
  <datafield tag="600" ind1="1" ind2=" ">
    <subfield code="a">&#x53C;&#x575;&#x578;&#x582;&#x569;&#x565;&#x580; &#x544;&#x561;&#x580;&#x57F;&#x56B;&#x576;</subfield>
    <subfield code="d">1483-1546 &#x569;&#x569;.</subfield>
  </datafield>
  <datafield tag="650" ind1=" " ind2=" ">
    <subfield code="a">&#x53C;&#x575;&#x578;&#x582;&#x569;&#x565;&#x580;&#x561;&#x56F;&#x561;&#x576;&#x578;&#x582;&#x569;&#x575;&#x578;&#x582;&#x576;</subfield>
    <subfield code="x">&#x563;&#x578;&#x580;&#x56E;&#x56B;&#x579;&#x576;&#x565;&#x580;</subfield>
  </datafield>
  <datafield tag="650" ind1=" " ind2=" ">
    <subfield code="a">&#x532;&#x578;&#x572;&#x578;&#x584;&#x561;&#x56F;&#x561;&#x576;&#x578;&#x582;&#x569;&#x575;&#x578;&#x582;&#x576;</subfield>
    <subfield code="x">&#x563;&#x578;&#x580;&#x56E;&#x56B;&#x579;&#x576;&#x565;&#x580;</subfield>
  </datafield>
  <datafield tag="942" ind1=" " ind2=" ">
    <subfield code="2">udc</subfield>
    <subfield code="c">BK</subfield>
  </datafield>
  <datafield tag="999" ind1=" " ind2=" ">
    <subfield code="c">52287</subfield>
    <subfield code="d">52287</subfield>
  </datafield>
  <datafield tag="952" ind1=" " ind2=" ">
    <subfield code="0">0</subfield>
    <subfield code="1">0</subfield>
    <subfield code="2">udc</subfield>
    <subfield code="4">0</subfield>
    <subfield code="7">0</subfield>
    <subfield code="8">&#x533;&#x580;&#x561;&#x57A;&#x561;&#x570;&#x578;&#x581;</subfield>
    <subfield code="a">SEM</subfield>
    <subfield code="b">SEM</subfield>
    <subfield code="d">2017-05-03</subfield>
    <subfield code="g">8000.00</subfield>
    <subfield code="i">23220</subfield>
    <subfield code="l">1</subfield>
    <subfield code="o">284.1(092)/&#x53C;-88&#x533;</subfield>
    <subfield code="p">23220</subfield>
    <subfield code="r">2017-05-03</subfield>
    <subfield code="s">2017-03-17</subfield>
    <subfield code="w">2022-06-08</subfield>
    <subfield code="y">BK</subfield>
    <subfield code="z">&#x54D;&#x57A;&#x561;&#x57D;&#x561;&#x580;&#x56F;&#x57E;&#x578;&#x582;&#x574; &#x567; &#x568;&#x576;&#x569;&#x565;&#x580;&#x581;&#x561;&#x57D;&#x580;&#x561;&#x570;</subfield>
  </datafield>
  <datafield tag="952" ind1=" " ind2=" ">
    <subfield code="0">0</subfield>
    <subfield code="1">0</subfield>
    <subfield code="2">udc</subfield>
    <subfield code="4">0</subfield>
    <subfield code="7">0</subfield>
    <subfield code="8">&#x533;&#x580;&#x561;&#x57A;&#x561;&#x570;&#x578;&#x581;</subfield>
    <subfield code="a">SEM</subfield>
    <subfield code="b">SEM</subfield>
    <subfield code="d">2017-05-03</subfield>
    <subfield code="g">8000.00</subfield>
    <subfield code="i">23221</subfield>
    <subfield code="l">0</subfield>
    <subfield code="o">284.1(092)/&#x53C;-88&#x533;</subfield>
    <subfield code="p">23221</subfield>
    <subfield code="r">2014-11-16</subfield>
    <subfield code="w">2022-06-08</subfield>
    <subfield code="y">BK</subfield>
    <subfield code="z">&#x54D;&#x57A;&#x561;&#x57D;&#x561;&#x580;&#x56F;&#x57E;&#x578;&#x582;&#x574; &#x567; &#x568;&#x576;&#x569;&#x565;&#x580;&#x581;&#x561;&#x57D;&#x580;&#x561;&#x570;</subfield>
  </datafield>
</record>
